All 100k+ Cities in Central America - Statistics

General Stats
  • This quiz has been taken 29 times
  • The average score is 11 of 35
Answer Stats
Country Population Answer % Correct
Panama 1,756,781 Panamá
96%
Guatemala 1,221,739 Guatemala City
93%
El Salvador 525,990 San Salvador
93%
Costa Rica 309,672 San José
89%
Honduras 1,568,025 Tegucigalpa
89%
Honduras 982,021 San Pedro Sula
67%
Panama 241,817 Colón
52%
El Salvador 161,880 San Miguel
48%
El Salvador 176,661 Santa Ana
48%
Guatemala 180,706 Quetzaltenango
44%
Panama 193,350 David
41%
Guatemala 465,773 Mixco
33%
Guatemala 117,818 Huehuetenango
30%
Guatemala 618,397 Villa Nueva
30%
Guatemala 212,047 Cobán
26%
Honduras 180,429 Comayagua
22%
Honduras 232,696 La Ceiba
22%
El Salvador 124,694 Santa Tecla
22%
Honduras 164,452 Choluteca
19%
Guatemala 145,880 Jutiapa
19%
Panama 190,093 La Chorrera
19%
El Salvador 329,708 Soyapango
19%
Honduras 296,952 Choloma
15%
Honduras 188,366 El Progreso
15%
Guatemala 159,840 Jalapa
15%
El Salvador 160,317 Mejicanos
15%
El Salvador 112,158 Apopa
11%
Guatemala 111,505 Chiquimula
11%
Guatemala 156,313 Escuintla
11%
Honduras 140,229 Puerto Cortés
11%
Guatemala 155,965 San Juan Sacatepéquez
7%
Guatemala 129,124 San Miguel Petapa
7%
Guatemala 124,680 Villa Canales
7%
Guatemala 104,972 Chinautla
4%
Guatemala 105,415 Coatepeque
0%
No matching quizzes found
Score Distribution
Percent of People with Each Score
Percentile by Number Answered
Your Score History
You have not taken this quiz